Teatro español : 1949-1950/

Guardat en:
Dades bibliogràfiques
Altres autors: Luca de Tena, Juan Ignacio (autor) (autor), Cuesta, Miguel de la (autor) (autor), Buero Vallejo, Antonio (autor) (autor), Calvo Sotelo, Joaquín (autor) (autor), López Rubio, José (autor) (autor), Ruiz Iriarte, Víctor (autor) (autor), Sáinz de Robles, Federico Carlos (prólogo, notas y apéndice) (prólogo, notas y apéndice)
Format: Llibre
Idioma:espanyol
Publicat: Madrid, España : Aguilar, 1959, c1959
Edició:3a edición
Matèries:
Etiquetes: Afegir etiqueta
Sense etiquetes, Sigues el primer a etiquetar aquest registre!

MARC

LEADER 00000nam^a2200000^a^4500
001 000281495
005 20250521000000.0
009 20260310111536.706
037 |a Acervo Xavier Clavigero 
041 |a ESP 
082 |a 862.  |b TEA 
240 1 1 |a [Dos mujeres a las nueve] 
240 1 1 |a [Historia de una escalera] 
240 1 4 |a [La visita que no tocó el timbre] 
240 1 1 |a [Celos del aire] 
240 1 4 |a [El lando de seis caballos] 
245 0 0 |a Teatro español :  |b 1949-1950/  |c Pról., notas y ap. de C. Sainz de Robles. 
250 |a 3a edición 
264 4 |a Madrid, España :  |b Aguilar,  |c 1959, c1959 
300 |a 385 p. 
336 |a texto  |b txt  |2 rdacontenido 
337 |a sin mediación  |b n  |2 rdamedio 
338 |a volumen  |b nc  |2 rdasoporte 
649 |a XX 
650 |a Teatro Español 
650 |a Literatura Española -  |y Siglo XX 
740 0 |a Dos mujeres a las nueve /  |c J.I. Luca de Tena, M. de la Cuesta. 
740 0 |a Historia de una escalera /  |c A. Buero Vallejo. 
740 3 |a La visita que no tocó el timbre /  |c J. Calvo Sotelo. 
740 0 |a Celos del aire /  |c J. López Rubio. 
740 3 |a El lando de seis caballos /  |c V. Ruiz Iriarte. 
700 |a Luca de Tena, Juan Ignacio  |e (autor) 
700 |a Cuesta, Miguel de la  |e (autor) 
700 |a Buero Vallejo, Antonio  |e (autor) 
700 |a Calvo Sotelo, Joaquín  |e (autor) 
700 |a López Rubio, José  |e (autor) 
700 |a Ruiz Iriarte, Víctor  |e (autor) 
700 |a Sáinz de Robles, Federico Carlos  |e (prólogo, notas y apéndice) 
910 |a Fondo General 
920 |a Impresos - Libros 
930 |a Colección General 
940 |a Literatura 
905 |a 101 
901 |a 0500168052  |b IT1  |c LIT  |u 20250521 
902 |a https://opac.biblio.iteso.mx/vufind/Record/000281495